000 00618nam a2200229 a 4500
001 BRL_420
005 20190320210732.0
008 070813s1995----si-a######---#000-0#eng-#
020 _a0714117560
041 _aeng
044 _asi
050 4 _aNK5106
_b.F58 1995
245 1 0 _aFive Thousand Years of Glass
_cEdited by Hugh Tait
260 _aSingapur
_bBritish Museum Press
_c1995
300 _a256 p.
_bil. (algunas a color)
_c28 cm.
500 _aAu416
504 _aBibliografĂ­a: p. 248-249
650 1 4 _aCristalerĂ­a
_xHistoria
_9686
700 1 _aTait, Hugh
_eed.
_923871
902 _aGRL
942 _2lcc
_cB
999 _c9233
_d9233